|
|
|
|
| LEADER |
00965nam a2200253 a 4500 |
| 001 |
4963558 |
| 008 |
090611s1998 maua b 001 0 eng d |
| 010 |
|
|
|a 97032432
|
| 020 |
|
|
|a 0256236127
|
| 040 |
|
|
|a DLC
|c DLC
|d DLC
|
| 082 |
0 |
0 |
|a 658
|2 21
|
| 100 |
1 |
|
|a Fry, Fred L.
|
| 245 |
1 |
0 |
|a Business :
|b an integrative framework /
|c Fred L. Fry, Charles R. Stoner, Richard E. Hattwick.
|
| 250 |
|
|
|a 1st ed.
|
| 260 |
|
|
|a Boston :
|b Irwin/McGraw-Hill,
|c c1998.
|
| 300 |
|
|
|a xxxix, 602 p. :
|b ill. ;
|c 26 cm.
|
| 504 |
|
|
|a Includes bibliographical references and index.
|
| 541 |
1 |
|
|e 00014828
|
| 650 |
|
0 |
|a Industrial management
|x Case studies.
|
| 700 |
1 |
|
|a Stoner, Charles R.
|
| 700 |
1 |
|
|a Hattwick, Richard E.
|
| 852 |
4 |
|
|a Ayesha Abed Library
|j General Shelf.
|
| 999 |
|
|
|c 1609
|d 1609
|
| 952 |
|
|
|0 0
|1 0
|2 ddc
|4 0
|6 658_FRY
|7 0
|9 1478
|a BRACUL
|b BRACUL
|c GEN
|d 2009-06-28
|g 0.00
|l 5
|m 35
|o 658 FRY
|p 3010014828
|r 2025-07-13
|s 2023-10-08
|t 1
|w 2009-06-28
|y BK
|x No price found in the accession register.
|